000 00277nam a22001217a 4500
008 170612b xxu||||| |||| 00| 0 eng d
041 _aeng
080 _a32
100 _a19
101 _aSHP
245 _aPOLITICS AND OPINION IN THE 19TH CENTURY
_cBOWLE, J
942 _2udc
_cBK
999 _c16963
_d16963